00837nas a2200265 4500001001000000003000900010005001700019007000300036008003400039040005400073041000900127072001800136100001600154100001300170100001900183100001600202245014600218650001100364650001300375650001900388650001200407650002500419650001500444773011200459BR8404631BR-BrBNA20231205090004.0ta230509b bl.|||p| |||| 00| 00por d aBR-BrBNAbporcBiblioteca Nacional de Agricultura a(Pt) aJ11; F62; F031 aCosta, E.C.1 aLink, D.1 aMengarda, I.P.1 aTatch, J.M.1 aPreferencia varietal e efeito do ataque de Acanthoscelides obtectus (Say, 1831)sobre a germinacao do feijao (Phaseolus vulgaris L.)[caruncho] aFEIJAO aCARUNCHO aTESTE DE VIGOR aSEMENTE aVARIEDADE RESISTENTE aGERMINACAO0 tRevista do Centro de Ciencias Rurais (Brazil)xISSN 0085-5901g(Apr-Jun 1984), v. 14(2) p. 87-92wBR8404631